000 00397nam a2200169Ia 4500
008 230524s9999 xx 000 0 und d
082 _a621.386
_bNAG
100 _aI.J.Nagrath
245 0 _aPower System Engineering
250 _a1ST
260 _aNEW DELHI
_bTMH
_c2006
300 _aXV;829
500 _aQuantity Number: 2
650 _aElectrical
700 _a D.P.Kothari
942 _cBK
999 _c36363
_d36363